Ethnic Groups and Languages of Afghanistan (with provinces) - Statistics

General Stats
  • This quiz has been taken 351 times
  • The average score is 7 of 11
Answer Stats
Language Family Language Ethnic Group Number in Afghanistan Province % Correct
Indo-European - Iranian Pashto Pashtuns 15 million Southeastern Afghanistan
96%
Indo-European - Iranian Tajiki (Persian) Tajiks 10 million Northeastern and western Afghanistan
90%
Turkic Southern Uzbek Uzbeks 3,8 million Northern Afghanistan
90%
Indo-European - Iranian Hazaragi dialect of Dari (Persian) Hazaras 4 million Bamyan, Daykundi, Ghor Provinces (Central Afghanistan)
86%
Turkic Turkmen Turkmen 1,1 million Minority in Balkh and more
85%
Indo-European - Iranian Balochi Baloch 500.000 Nimruz
71%
Indo-European - Indo-Iranian Nuristani languages Nuristanis 130.000-300.000 Nuristan
61%
Dravidian Brahui (minority) Brahui people 100.000? Minority in Helmand
38%
Mixed (mostly Iranian) Aimaqi dialect of Dari (Persian) or Pashto Aimaq people (nomads of different ethnicities) 500.000 Minority in Herat, Badghis and Baghlan
25%
Indo-European - Iranian Pamir languages Pamiris 200.000 Minority in Badakhshan
25%
Indo-European - Indo-Aryan - Dardic Pashayi languages Pashayi people 500.000 Minority in Nangarhar, Laghman and Kapisa
24%
No matching quizzes found
Score Distribution
Percent of People with Each Score
Percentile by Number Answered
Your Score History
You have not taken this quiz